000 00414nam a22001457a 4500
020 _a9780992978709
040 _cNUST
082 _a004.165
_bZYN
100 _aCrockett, Louise H. - Elliot, Ross A.
_9130350
110 _a Enderwitz, Martin A. - Stewart, Robert W.
_9130351
245 _aThe Zinq Book
260 _aUK:
_bStrathclyde Academic Media,
_c2014.
650 _aThe Zinq Book
_9130352
942 _2ddc
_cBK
999 _c614534
_d614534